Division 1 College Teams - Statistics

General Stats
  • This quiz has been taken 10 times
  • The average score is 119 of 364
Answer Stats
Answer % Correct
Brigham Young
78%
Brown
78%
Columbia
78%
Harvard
78%
Illinois
78%
Iowa
78%
Michigan
78%
Northwestern
78%
Oregon
78%
Oregon State
78%
Penn
78%
Penn State
78%
Princeton
78%
UCLA
78%
Utah
78%
Washington
78%
Yale
78%
Akron
67%
Alabama
67%
Arizona
67%
Arizona State
67%
Boston College
67%
Boston U
67%
Cornell
67%
Dartmouth
67%
Georgia
67%
Georgia Tech
67%
Indiana
67%
Iowa State
67%
Maryland
67%
Missouri
67%
North Carolina
67%
Ohio
67%
Purdue
67%
Texas
67%
USC
67%
Utah State
67%
Washington State
67%
Wisconsin
67%
Boise State
56%
Bowling Green
56%
Buffalo
56%
Connecticut
56%
Duke
56%
Eastern Michigan
56%
Florida
56%
Florida Atlantic
56%
Florida State
56%
Gonzaga
56%
Hawaii
56%
Idaho
56%
Idaho State
56%
Kansas
56%
Kansas State
56%
Louisiana-Lafayette
56%
Marquette
56%
Miami FL
56%
Miami Ohio
56%
Michigan State
56%
Mississippi State
56%
Missouri State
56%
Montana
56%
Nevada
56%
North Carolina State
56%
North Dakota
56%
Notre Dame
56%
Oklahoma
56%
Oklahoma State
56%
Ole Miss
56%
Rice
56%
Rutgers
56%
Southern
56%
Texas A&M
56%
Texas Christian
56%
Tulane
56%
UC Santa Barbara
56%
UMASS
56%
UTEP
56%
Villanova
56%
Virginia
56%
Virginia Tech
56%
Western Michigan
56%
Air Force
44%
Albany
44%
Arkansas
44%
Army
44%
Auburn
44%
Baylor
44%
California
44%
Central Florida
44%
Central Michigan
44%
Cincinnati
44%
Clemson
44%
Coastal Carolina
44%
Colorado
44%
Colorado State
44%
Creighton
44%
East Carolina
44%
Florida International
44%
Georgia State
44%
Illinois Chicago
44%
Indiana State
44%
James Madison
44%
Kent State
44%
Kentucky
44%
Liberty
44%
Louisiana Tech
44%
LSU
44%
Memphis
44%
Minnesota
44%
Montana State
44%
Navy
44%
Nebraska
44%
New Hampshire
44%
New Mexico
44%
New Mexico State
44%
North Dakota State
44%
Ohio State
44%
Pittsburgh
44%
Providence
44%
Rhode Island
44%
Sam Houston
44%
Seton Hall
44%
South Carolina
44%
South Dakota
44%
South Dakota State
44%
South Florida
44%
Temple
44%
Tennessee
44%
Texas-San Antonio
44%
Texas State
44%
Texas Tech
44%
UC Irvine
44%
UNLV
44%
Vanderbilt
44%
Vermont
44%
Wake Forest
44%
West Virginia
44%
Wyoming
44%
Abilene Christian
33%
Alabama-Birmingham
33%
Alabama State
33%
Arkansas State
33%
Bucknell
33%
Butler
33%
Chicago State
33%
Dayton
33%
Delaware
33%
DePaul
33%
Duquesne
33%
Eastern Kentucky
33%
Fresno State
33%
George Washington
33%
Grand Canyon
33%
Green Bay
33%
Houston
33%
Illinois State
33%
Long Island
33%
Loyola IL
33%
Loyola Maryland
33%
Maine
33%
Middle Tennessee State
33%
Mount St Mary's
33%
North Alabama
33%
Northeastern
33%
Northern Illinois
33%
Northern Iowa
33%
Oakland
33%
Portland
33%
Richmond
33%
Sacramento State
33%
Saint Peter's
33%
San Diego State
33%
San Jose State
33%
Seattle
33%
South Alabama
33%
South Carolina State
33%
Southern Illinois
33%
Southern Methodist
33%
Southern Mississippi
33%
Stanford
33%
St Francis PA
33%
St. John's
33%
Syracuse
33%
Tennessee State
33%
Toledo
33%
Tulsa
33%
UC Davis
33%
UC San Diego
33%
UMASS Lowell
33%
UMBC
33%
Virginia Commonwealth
33%
Western Kentucky
33%
William & Mary
33%
Xavier
33%
Alabama A&M
22%
American
22%
Appalachian State
22%
Ball State
22%
Bellarmine
22%
Belmont
22%
Bryant
22%
California State Bakersfield
22%
Cal Poly
22%
Cleveland State
22%
Colgate
22%
Davidson
22%
Denver
22%
Detroit Mercy
22%
Drexel
22%
Eastern Washington
22%
Florida A&M
22%
Gardner-Webb
22%
George Mason
22%
Georgetown
22%
Georgia Southern
22%
Hampton
22%
Howard
22%
Iona
22%
Jacksonville
22%
Lafayette
22%
Lehigh
22%
Long Beach State
22%
Louisville
22%
Milwaukee
22%
Murray State
22%
New Orleans
22%
NJIT
22%
Northern Arizona
22%
North Florida
22%
North Texas
22%
Old Dominion
22%
Omaha
22%
Oral Roberts
22%
Pepperdine
22%
Portland State
22%
Rider
22%
Saint Joseph's
22%
San Diego
22%
San Francisco
22%
Siena
22%
Southern Illinois, Edwardsville
22%
Southern Utah
22%
St Bonaventure
22%
St Mary's CA
22%
St Thomas MN
22%
Tennessee Tech
22%
Towson
22%
Troy
22%
UC Riverside
22%
Virginia Military Institute
22%
Weber State
22%
Wright State
22%
Alcorn State
11%
Arkansas-Pine Bluff
11%
Bethune-Cookman
11%
Binghampton
11%
Bradley
11%
California Baptist
11%
California State Fullerton
11%
California State Northridge
11%
Campbell
11%
Canisius
11%
Central Arkansas
11%
Central Connecticut State
11%
Charleston
11%
Charleston Southern
11%
Charlotte
11%
Chattanooga
11%
Coppin State
11%
Delaware State
11%
Drake
11%
Eastern Illinois
11%
East Tennessee State
11%
Elon
11%
Evansville
11%
Fairfield
11%
Fairleigh Dickinson
11%
Florida Gulf Coast
11%
Fordham
11%
Fort Wayne
11%
Furman
11%
Grambling State
11%
High Point
11%
Hofstra
11%
Holy Cross
11%
Incarnate Word
11%
Indiana-Indianapolis
11%
Jackson State
11%
Jacksonville State
11%
Kansas City
11%
Kennesaw State
11%
Lamar
11%
La Salle
11%
Lindenwood
11%
Lipscomb
11%
Little Rock
11%
Longwood
11%
Louisiana-Monroe
11%
Loyola Marymount
11%
Manhattan
11%
Marist
11%
Marshall
11%
Maryland Eastern Shore
11%
McNeese State
11%
Mercer
11%
Mississippi Valley State
11%
Monmouth
11%
Morehead State
11%
Morgan State
11%
Niagara
11%
Nicholls
11%
North Carolina A&T
11%
North Carolina Central
11%
North Carolina Wilmington
11%
Northern Colorado
11%
Northern Kentucky
11%
Northwestern State
11%
Pacific
11%
Prairie View A&M
11%
Presbyterian
11%
Queens NC
11%
Quinnipiac
11%
Radford
11%
Robert Morris
11%
Sacred Heart
11%
Saint Louis
11%
Samford
11%
Santa Clara
11%
Southeastern Louisiana
11%
Southeastern Missouri
11%
Southern Indiana
11%
Stetson
11%
Stonehill
11%
Stony Brook
11%
Texas Southern
11%
The Citadel
11%
UNC Greensboro
11%
Utah Tech
11%
Utah Valley
11%
UT Martin
11%
Valparaiso
11%
Wagner
11%
Western Carolina
11%
Western Illinois
11%
West Georgia
11%
Wichita State
11%
Winthrop
11%
Wofford
11%
Youngstown State
11%
Austin Peay
0%
East Texas A&M
0%
Houston Christian
0%
Le Moyne
0%
Mercyhurst
0%
Merrimack
0%
Norfolk State
0%
Stephen F. Austin
0%
Tarleton State
0%
Texas A&M-Corpus Christi
0%
Texas-Rio Grande Valley
0%
UNC Asheville
0%
USC Upstate
0%
UT Arlington
0%
No matching quizzes found
Score Distribution
Percent of People with Each Score
Percentile by Number Answered
Your Score History
You have not taken this quiz